UK Residential Market Survey (Record no. 121954)
[ view plain ]
| 000 -LEADER | |
|---|---|
| fixed length control field | 01319nam a22002057a 4500 |
| 008 - FIXED-LENGTH DATA ELEMENTS--GENERAL INFORMATION | |
| fixed length control field | 240614e20240612xxk|||||o|||| 00| 0 eng d |
| 041 ## - LANGUAGE CODE | |
| Language code of text/sound track or separate title | eng |
| 110 ## - MAIN ENTRY--CORPORATE NAME | |
| Corporate author | Royal Institution of Chartered Surveyors |
| 245 ## - TITLE STATEMENT | |
| Title | UK Residential Market Survey |
| Subtitle | May 2024 |
| Medium | [Electronic resource] |
| 260 ## - PUBLICATION INFORMATION | |
| Place of publication | London, |
| Publisher | Royal Institution of Chartered Surveyors, |
| Date | June 2024 |
| 300 ## - PHYSICAL DESCRIPTION | |
| Physical description | 17p |
| 490 ## - SERIES TITLE | |
| Series statement | RICS UK Residential Market Survey |
| 520 ## - ABSTRACT | |
| Abstract | The May 2024 RICS UK Residential Survey results <br/>are symptomatic of a slight setback for the sales <br/>market over the month, with most of the indicators <br/>tracked deteriorating to a certain extent. This <br/>appears to be linked to the recent scaling back <br/>in expectations around the degree of monetary <br/>policy loosening likely to be pushed through by the <br/>Bank of England during the second half this year. <br/>Nevertheless, respondents still foresee a modest <br/>recovery in residential sales volumes getting back <br/>on track over the months ahead. |
| 650 ## - KEYWORDS | |
| Keywords | HOUSING MARKET |
| 650 ## - KEYWORDS | |
| Keywords | RESIDENTIAL PROPERTY |
| 651 ## - SUBJECT ADDED ENTRY--GEOGRAPHIC NAME | |
| Geographic name | United Kingdom |
| 710 ## - ADDED CORPORATE NAME | |
| Added corporate author | Royal Institution of Chartered Surveyors |
| 856 ## - ONLINE RESOURCE | |
| Uniform Resource Identifier | <a href="https://www.rics.org/content/dam/ricsglobal/documents/market-surveys/5._WEB_May_2024_RICS_UK_Residential_Market_Survey_tp1.pdf">https://www.rics.org/content/dam/ricsglobal/documents/market-surveys/5._WEB_May_2024_RICS_UK_Residential_Market_Survey_tp1.pdf</a> |
| Public note | Available free on RICS.org |
| 942 ## - ADDED ENTRY ELEMENTS (KOHA) | |
| Suppress in OPAC | Do not suppress in OPAC |
| Lost status | Damaged status | Not for loan | Current library | Shelving location | Date acquired | Total Checkouts | Full call number | Date last seen | Price effective from | Koha item type |
|---|---|---|---|---|---|---|---|---|---|---|
| Virtual | Online | 14/06/2024 | PROPERTY MARKET DATA | 14/06/2024 | 14/06/2024 | Online material |